000 00781nam a22002055i 4500
001 168886
003 ES-MaACL
005 20250522063049.0
008 080619s1880 fr |||| | fre d
080 _a782.089.6
100 1 _aMassenet, Jules,
_d1842-1912
_9240595
245 1 3 _aLa Vierge [
_hmúsica impresa]
_b: légende sacrée en quatre scènes /
_cde Ch. Grandmougin ; musique de J. Massenet.
260 _aParis :
_bG. Hartmann,
_c[1880]
300 _a1 partitura vocal ( 215 p.) ;
_c28 cm.
650 1 4 _aMúsica escénica-
_xPartituras vocales.
_9138018
650 4 _aÓperas-
_xPartituras vocales.
_9137997
700 1 _aGrandmougin, Charles.
_9138015
852 4 _aES-MaACL
_jL-29326
_9R.141084
_zBiblioteca Jacinto Martínez Lacalle
999 _c168886
_d168886